000 01100cam a2200313 i 4500
001 24862
003 Mx-PuUPA
005 20250313110347.0
008 140415s2015 ag a gr 000 0 spa d
020 _a9789508939029
040 _aMx-PuUPA
_bspa
_cMx-PuUPA
_dMx-PuUPA
_erda
041 0 _aspa
100 1 _aLombardi, Olimpia,
_d1960-
_eautor
_916853
245 1 0 _a¿Existe la flecha del tiempo? :
_bIlya Prigogine : entre la ciencia y la filosofía /
_cOlimpia Lombardi
250 _a1a edición
264 1 _aCiudad Autónoma de Buenos Aires :
_bEdiciones Logos,
_c2015
300 _a300 páginas :
_bilustraciones ;
_c20 cm
336 _2rdacontent
_atexto
_btxt
337 _2rdamedia
_asin medio
_bn
338 _2rdacarrier
_avolumen
_bnc
490 0 _aColección De las ciencias a la filosofía ;
_v3
600 1 4 _aPrigogine, Ilya,
_d1917-2003
_xCrítica e interpretación
650 7 _2armarc
_aFilosofía de la ciencia
_913986
650 7 _2armarc
_aCiencia
650 7 _2armarc
_aFísica
942 _2ddc
_cLI
_h501
_iL83
999 _c24862
_d24862